000 00240nam a2200097 a 4500
005 20200930070252.0
008 110829s1923 000 spa d
245 0 _aFrente al imperialismo.
260 _aSanto Domingo,
_c1923.
999 _c32941
_d32941
040 _aDO-SdBNP